| 000 | 01012nam a22002537a 4500 | ||
|---|---|---|---|
| 001 | 4959 | ||
| 003 | FISKH | ||
| 005 | 20241028150952.0 | ||
| 008 | 241028b cb ||||| |||| 00| 0 eng d | ||
| 020 | _a9781426308093 | ||
| 040 |
_aFISKH _beng _cFISKH _dFISKH |
||
| 050 | _aGN293.S56 | ||
| 082 | _a393.3 | ||
| 100 | _aSloan, Christopher | ||
| 245 |
_aMummies : _bDried, Tanned, Sealed, Drained, Frozen, Embalmed, Stuffed, Wrapped, and Smoked...and We're Dead Serious (National Geographic Kids) / _cby Christopher Sloan |
||
| 260 |
_aWashington, DC : _bNational Geographic ; _c2010 . |
||
| 300 |
_a48 pages : _bcolor illustrations ; _c28 cm . |
||
| 490 | _aNational Geographic Kids | ||
| 520 | _aInvestigate mysteries from the grave in this creepy-fun compendium of the world's most fascinating mummies. Learn what the experts have discovered about each mummy's life and death. | ||
| 650 |
_aRussian History _vnon-fiction |
||
| 700 |
_aTerry, Robin _eproject editor |
||
| 942 |
_2ddc _cBK _n0 |
||
| 999 |
_c4959 _d4959 |
||